Look what the Lord has done! (Record no. 14126)

000 -LEADER
fixed length control field 00604nam a2200205 a 4500
001 - CONTROL NUMBER
control field :::00011950$&:&@@
003 - CONTROL NUMBER IDENTIFIER
control field OkBaRHE
005 - DATE AND TIME OF LATEST TRANSACTION
control field 20120203172720.0
008 - FIXED-LENGTH DATA ELEMENTS--GENERAL INFORMATION
fixed length control field j 000 0 eng u
040 ## - CATALOGING SOURCE
Transcribing agency
100 1# - MAIN ENTRY--PERSONAL NAME
Personal name Hagin, Kenneth E., 1917-2003
9 (RLIN) 144
245 10 - TITLE STATEMENT
Title Look what the Lord has done!
260 ## - PUBLICATION, DISTRIBUTION, ETC. (IMPRINT)
Place of publication, distribution, etc Tulsa, OK., :
Name of publisher, distributor, etc RHEMA Bible Church 1992.
300 ## - PHYSICAL DESCRIPTION
Extent 48 p. :c35 cm.
600 ## - SUBJECT ADDED ENTRY--PERSONAL NAME
9 (RLIN) 144
Personal name Hagin, Kenneth E.
Dates associated with a name 1917-2003.
600 ## - SUBJECT ADDED ENTRY--PERSONAL NAME
9 (RLIN) 161
Personal name Hagin, Kenneth W.
Dates associated with a name 1939-
650 ## - SUBJECT ADDED ENTRY--TOPICAL TERM
Topical term or geographic name as entry element Kenneth Hagin Ministries
9 (RLIN) 149
650 ## - SUBJECT ADDED ENTRY--TOPICAL TERM
Topical term or geographic name as entry element RHEMA Bible Training Center
9 (RLIN) 150
942 ## - ADDED ENTRY ELEMENTS (KOHA)
Source of classification or shelving scheme
Koha item type Books
Copies
Total Checkouts Full call number Damaged status Lost status Permanent Location Not for loan Source of classification or shelving scheme Total Renewals Koha item type Withdrawn status Current Location Date checked out Barcode Date last seen Date acquired Copy number Shelving location Price effective from
1BX 8762 .H3 1992  RHEMA Bible Training College  1Books RHEMA Bible Training College2011-09-21119502011-10-262010-04-141General Stacks2010-04-14